Hitler's American friends : the Third Reich's ... Read More
Available copies
- 1 of 1 copy available at LARL/NWRL Consortium.
Current holds
0 current holds with 1 total copy.
Show All Copies
| Location | Call Number / Copy Notes | Barcode | Shelving Location | Status | Due Date |
|---|---|---|---|---|---|
| Moorhead Public Library | 320.533 HAR (Text) | 33500012809919 | Main | Available | - |
Record details
- ISBN: 9781250148957
- ISBN: 1250148952
- Physical Description: 296 pages, 8 unnumbered pages of plates : ... Read More
- Edition: First edition.
- Publisher: New York : Thomas Dunne Books/St. Martin's Press, 2018.
- Copyright: ©2018
Content descriptions
| Bibliography, etc. Note: | Includes bibliographical references and index. |
| Formatted Contents Note: | The Bund -- The Silver Legion and the chief -- The ... Read More |
| Summary, etc.: | "A book examining the strange terrain of Nazi ... Read More |
Search for related items by subject
| Genre: | History. Nonfiction. |
| LDR | 04470cam a22006858i 4500 | ||
|---|---|---|---|
| 001 | 301505 | ||
| 003 | LARL_NWRL_CONSORTIUM | ||
| 005 | 20181030095330.0 | ||
| 008 | 180625t20182018nyua b 001 0 eng | ||
| 010 | . | ‡a 2018022341 | |
| 040 | . | ‡aDLC ‡beng ‡erda ‡cDLC ‡dOCLCO ‡dOCLCF ‡dTOH ‡dWZW ‡dQQ3 ‡dJTH | |
| 020 | . | ‡a9781250148957 ‡q(hardcover) | |
| 020 | . | ‡a1250148952 | |
| 020 | . | ‡z9781250148964 ‡q(ebook) | |
| 035 | . | ‡a(OCoLC)1016968503 | |
| 042 | . | ‡apcc | |
| 082 | 0 | 0. | ‡a320.53/309730904 ‡223 |
| 100 | 1 | . | ‡aHart, Bradley W., ‡eauthor. |
| 245 | 1 | 0. | ‡aHitler's American friends : ‡bthe Third Reich's supporters in the United States / ‡cBradley W. Hart. |
| 246 | 3 | 0. | ‡aThird Reich's supporters in the United States |
| 250 | . | ‡aFirst edition. | |
| 264 | 1. | ‡aNew York : ‡bThomas Dunne Books/St. Martin's Press, ‡c2018. | |
| 264 | 4. | ‡c©2018 | |
| 300 | . | ‡a296 pages, 8 unnumbered pages of plates : ‡billustrations ; ‡c25 cm | |
| 336 | . | ‡atext ‡btxt ‡2rdacontent | |
| 337 | . | ‡aunmediated ‡bn ‡2rdamedia | |
| 338 | . | ‡avolume ‡bnc ‡2rdacarrier | |
| 504 | . | ‡aIncludes bibliographical references and index. | |
| 505 | 0 | . | ‡aThe Bund -- The Silver Legion and the chief -- The religious right -- The senators -- The businessmen -- The students -- America First! -- The spies. |
| 520 | . | ‡a"A book examining the strange terrain of Nazi sympathizers, nonintervention campaigners and other voices in America who advocated on behalf of Nazi Germany in the years before World War II. Americans who remember World War II reminisce about how it brought the country together. The less popular truth behind this warm nostalgia: until the attack on Pearl Harbor, America was deeply, dangerously divided. Bradley W. Hart's Hitler's American Friends exposes the homegrown antagonists who sought to protect and promote Hitler, leave Europeans (and especially European Jews) to fend for themselves, and elevate the Nazi regime. Some of these friends were Americans of German heritage who joined the Bund, whose leadership dreamed of installing a stateside Führer. Some were as bizarre and hair-raising as the Silver Shirt Legion, run by an eccentric who claimed that Hitler fulfilled a religious prophesy. Some were Midwestern Catholics like Father Charles Coughlin, an early right-wing radio star who broadcast anti-Semitic tirades. They were even members of Congress who used their franking privilege--sending mail at cost to American taxpayers--to distribute German propaganda. And celebrity pilot Charles Lindbergh ended up speaking for them all at the America First Committee. We try to tell ourselves it couldn't happen here, but Americans are not immune to the lure of fascism. Hitler's American Friends is a powerful look at how the forces of evil manipulate ordinary people, how we stepped back from the ledge, and the disturbing ease with which we could return to it."-- ‡cProvided by publisher. | |
| 600 | 1 | 0. | ‡aHitler, Adolf, ‡d1889-1945 ‡xPublic opinion. |
| 610 | 2 | 0. | ‡aGerman American Bund ‡xHistory. |
| 600 | 1 | 7. | ‡aHitler, Adolf, ‡d1889-1945. ‡2fast ‡0(LARL_NWRL_CONSORTIUM)56686 |
| 610 | 2 | 7. | ‡aGerman American Bund. ‡2fast |
| 650 | 0. | ‡aUnited States ‡xPolitics and government ‡y1933-1945. | |
| 651 | 0. | ‡aGermany ‡xForeign public opinion, American ‡xHistory ‡y20th century. | |
| 650 | 0. | ‡aNational socialism ‡xPublic opinion. | |
| 650 | 0. | ‡aFascism ‡zUnited States ‡xHistory ‡y20th century. | |
| 650 | 0. | ‡aAntisemitism ‡zUnited States ‡xHistory ‡y20th century. | |
| 651 | 0. | ‡aUnited States ‡xRelations ‡zGermany. | |
| 651 | 0. | ‡aGermany ‡xRelations ‡zUnited States. | |
| 650 | 0. | ‡aPublic opinion ‡zUnited States ‡xHistory ‡y20th century. ‡0(LARL_NWRL_CONSORTIUM)166769 | |
| 650 | 7. | ‡aAntisemitism. ‡2fast ‡0(LARL_NWRL_CONSORTIUM)13640 | |
| 650 | 7. | ‡aFascism. ‡2fast ‡0(LARL_NWRL_CONSORTIUM)20015 | |
| 650 | 7. | ‡aInternational relations. ‡2fast ‡0(LARL_NWRL_CONSORTIUM)23314 | |
| 650 | 7. | ‡aNational socialism ‡xPublic opinion. ‡2fast | |
| 650 | 7. | ‡aPublic opinion. ‡2fast ‡0(LARL_NWRL_CONSORTIUM)29085 | |
| 650 | 7. | ‡aPublic opinion, American. ‡2fast | |
| 651 | 7. | ‡aGermany. ‡2fast ‡0(LARL_NWRL_CONSORTIUM)4456 | |
| 651 | 7. | ‡aUnited States. ‡2fast ‡0(LARL_NWRL_CONSORTIUM)54625 | |
| 650 | 7. | ‡aHISTORY / United States / General. ‡2bisacsh | |
| 648 | 7. | ‡a1900-1999 ‡2fast | |
| 655 | 7. | ‡aHistory. ‡2fast | |
| 655 | 4. | ‡aNonfiction. | |
| 905 | . | ‡uvanderl | |
| 901 | . | ‡a301505 ‡b ‡c301505 ‡tbiblio ‡soclc | |

Add to basket
Permalink
Disable Highlighting